Culture in Decline: Economics 101 (Record no. 333246)
[ view plain ]
| 000 -LEADER | |
|---|---|
| fixed length control field | 00569nam a2200097Ia 4500 |
| 008 - FIXED-LENGTH DATA ELEMENTS--GENERAL INFORMATION | |
| fixed length control field | 170517s9999 xx 000 0 und d |
| 245 ## - TITLE STATEMENT | |
| Title | Culture in Decline: Economics 101 |
| 300 ## - PHYSICAL DESCRIPTION | |
| Extent | The topic of this show entitled Economics 101 deals with the subject of Economic Calculation, Market Rationale and its effects, along with considerations of the Scientific Principles of Sustainability. This episode features long winded and generally insulting rhetoric, a... |
| 650 ## - SUBJECT ADDED ENTRY--TOPICAL TERM | |
| General subdivision | Business and Economics. |
| 856 ## - ELECTRONIC LOCATION AND ACCESS | |
| Uniform Resource Identifier | <a href="http://topdocumentaryfilms.com/culture-decline-economics-101/">http://topdocumentaryfilms.com/culture-decline-economics-101/</a> |
| Withdrawn status | Lost status | Damaged status | Home library | Current library | Date acquired | Total Checkouts | Date last seen | Price effective from | Koha item type |
|---|---|---|---|---|---|---|---|---|---|
| College Library | College Library | 05/17/2017 | 05/17/2017 | 05/17/2017 | Documentary Films |